000 01202nam a2200385 a 4500
003 AR-BaBNM
005 20251128204200.0
008 082120s2002 ||||||||||||||000 | spa||
020 _a950-06-0920-7
040 _cAR-BaBNM
100 1 _aHynd, George
245 0 0 _aDislexia
_bteoría, examen y clasificación desde una perspectiva neuropsicológica
260 _aBuenos Aires
_bEditorial Médica Panamericana
_c1987
300 _a272 p.
_bgráfs., il.
500 _aContiene glosario
500 _aContiene referencias bibliográficas
500 _aTítulo original: Dislexia neuropsychological theory, research, and clinical differentiation
500 _aTraducido por Carlos Wernicke
650 4 _aEDUCACION ESPECIAL
650 4 _aDISLEXIA
650 4 _aTRASTORNOS DEL HABLA
650 4 _aDIFICULTAD EN LA LECTURA
650 4 _aDESARROLLO DEL LENGUAJE
650 4 _aPSICOLINGUISTICA
650 4 _aNEUROLOGIA
650 4 _aINVESTIGACION MEDICA
650 4 _aINVESTIGACION PSICOLOGICA
650 4 _aDESARROLLO MENTAL
650 4 _aPSICOTERAPIA
650 4 _aPSICOPATOLOGIA
650 4 _aDIAGNOSTICO MEDICO
700 1 _aCohen, Morris
942 _cBK
998 _cGrace
999 _c6502
_d6502